The effective use of role-play : a handbook for teachers and trainers

Bibliographic Details
Main Author: Van Ments, Morry (Author)
Format: Book
Language:English
Published: London : Kogan Page 1989
Edition:Revised Edition
Subjects:

MARC

LEADER 00000cam a2200000 7i4500
001 0000001804
005 20240924.0
008 991126 enka eng
020 |a 0893973386 
020 |a 1850917574 
040 |a INS   |b eng   |e rda 
090 0 0 |a LB1029.S53   |b V25 1989 
100 1 |a Van Ments, Morry ,   |e author 
245 1 4 |a The effective use of role-play :   |b a handbook for teachers and trainers   |c Morry Van Ments 
250 |a Revised Edition 
264 1 |a London :   |b Kogan Page   |c 1989 
264 4 |c ©1989 
300 |a 186 pages :   |b illustrations ;   |c 24 cm. 
336 |a text  |2 rdacontent 
337 |a unmediated  |2 rdamedia 
338 |a volume  |2 rdacarrier 
504 |a Includes bibliographical references and index 
650 0 |a Role playing 
650 0 |a Simulation games education 
999 |a 0000004926   |b BOOK   |c Open Shelf   |e Default branch 
999 |a VCD0000096   |b DIGITAL VIDEO CD   |c Media Collection   |e Default branch